Sports Quiz

Random Sports or NCAA Quiz

Last Undefeated NCAA Men's Basketball Team Since 2000 Quiz Stats

 Plays Quiz not verified by Sporcle

Support Sporcle.
Go Orange.
Score 0/21 Timer 10:00
0 Plays Today
Season School % Correct
2020San Diego St
100%
2015Kentucky
62.1%
2017Gonzaga
55.2%
2003Duke
48.3%
2014Wichita St
44.8%
2010Kentucky
44.8%
2004Saint Joseph's
41.4%
2019Michigan
37.9%
2005Illinois
37.9%
2002Duke
37.9%
2018Villanova
34.5%
Season School % Correct
2006Florida
34.5%
2008Memphis
31%
2013Michigan
27.6%
2011Ohio St
27.6%
2000Syracuse
20.7%
2016SMU
17.2%
2012Murray St
13.8%
2009Wake Forest
13.8%
2001Stanford
13.8%
2007Clemson
10.3%

You're not logged in!

Compare scores with friends on all Sporcle quizzes.
OR
Log In

From the Vault

'T' American History

by william2

Mr. T just barely missed the cut for this quiz.
Remove Ads.
Support Sporcle.
Get the best of Sporcle when you Go Orange. This ad-free experience offers more features, more stats, and more fun while also helping to support Sporcle. Thank you for becoming a member.

Show Comments

Extras

Top Quizzes Today


Score Distribution

Your Account Isn't Verified!

In order to create a playlist on Sporcle, you need to verify the email address you used during registration. Go to your Sporcle Settings to finish the process.

Report this User

Report this user for behavior that violates our Community Guidelines.

Details: